| 000 | 01796cam a22003737a 4500 | ||
|---|---|---|---|
| 001 | 3203 | ||
| 003 | FISKH | ||
| 005 | 20250828112737.0 | ||
| 008 | 110404s2005 nyua j 000 0 eng d | ||
| 010 | _a 2010537789 | ||
| 020 | _a9780439781114 (pbk.) | ||
| 020 | _a0439781116 (pbk.) | ||
| 035 | _a(OCoLC)ocm61858242 | ||
| 040 |
_aIV2 _cIV2 _dIV2 _dXY4 _dDLC |
||
| 042 | _alccopycat | ||
| 050 | 0 | 0 |
_aQL666.L23 _bC69 2005b |
| 082 | _a597.956 | ||
| 100 | 1 | _aCowley, Joy. | |
| 245 | 1 | 0 |
_aChameleon! / _cstory by Joy Cowley ; illustrated with photographs by Nic Bishop. |
| 250 | _aFirst Scholastic paperback printing, May 2005 | ||
| 260 |
_aNew York : _bScholastic Press, _c2005. |
||
| 300 |
_a30 unnumbered pages : _bcolor illustrations ; _c22 x 26 cm. |
||
| 500 | _aOriginally published as: Chameleon, Chameleon. | ||
| 505 | _aF | ||
| 520 | _aExperience close-up the many moods (and colors) of chameleons. One brave chameleon ventures from the safety of his tree in search of a new home. On his journey, he meets other rain forest animals, not all of them friendly! Alas, the new tree he chooses is already home to another chameleon. She dons her aggressive coloring until she's sure that the visitor is friend, not foe. Then they welcome each other with brilliant, happy colors. Incredible photographs and simple text perfect for young children is rounded out with informative backmatter on one of the planet's most captivating creatures. | ||
| 521 | 8 |
_a390
_bLexile |
|
| 521 | 8 |
_aF _bRaz-Plus |
|
| 650 | 0 |
_aChameleons _vJuvenile literature. |
|
| 650 | 1 | _aChameleons. | |
| 700 | 1 |
_aBishop, Nic, _d1955- _eillustrator |
|
| 906 |
_a7 _bcbc _ccopycat _d3 _encip _f20 _gy-gencatlg |
||
| 942 |
_2ddc _cBK _n0 |
||
| 999 |
_c3203 _d3203 |
||